| 000 | 00599nam a22002057a 4500 | ||
|---|---|---|---|
| 003 | OSt | ||
| 005 | 20160510080834.0 | ||
| 008 | 130529t xxu||||| |||| 00| 0 eng d | ||
| 020 | _a076842108X | ||
| 050 |
_aBT 767.3 _b.H853 1991 |
||
| 082 |
_aM234.13 _bB81 1991 |
||
| 245 |
_aFlowing in the holy ghost : _ba practical handbook on the gifts of the Spirit / _cHoward-Brown, Rodney M. |
||
| 250 | _aRev. ed. | ||
| 260 |
_aShippensburg, PA : _bDestiny Image Publishers, _c2000. |
||
| 300 |
_avii, 128 p. : _c23 cm. |
||
| 526 | _c1210L-1700L | ||
| 562 | _e1 | ||
| 942 |
_2lcc _cBK |
||
| 999 |
_c16525 _d16525 |
||